El mar peruano : mitos andinos y europeos / (Record no. 7300)

000 -CABECERA
fixed length control field 01091nam a22002657a 4500
003 - IDENTIFICADOR DEL NÚMERO DE CONTROL
control field AR-CdUCM
008 - DATOS DE LONGITUD FIJA--INFORMACIÓN GENERAL
fixed length control field 190320b ||||| |||| 00| 0 spa d
020 ## - NÚMERO INTERNACIONAL ESTÁNDAR DEL LIBRO
ISBN 9786124702433
040 ## - FUENTE DE LA CATALOGACIÓN
Agencia/entidad que catalogó originalmente la obra MUNICIPALIDAD PROVINCIAL DEL CUSCO
Entidad que transcribió la catalogación BIBLIOTECA MUNICIPAL DEL CUSCO
082 ## - NÚMERO DE LA CLASIFICACIÓN DECIMAL DEWEY
No. de Clasificación 398.20985 /
Notacion interna P34
100 ## - ENTRADA PRINCIPAL--NOMBRE DE PERSONA
Nombre Personal Pease G.Y., Franklin
245 ## - MENCIÓN DE TÍTULO
Título El mar peruano : mitos andinos y europeos /
260 ## - PUBLICACIÓN, DISTRIBUCIÓN, ETC.
Lugar de publicación, distribución, etc. Lima :
Nombre de la editorial, distribuidor, etc. Sociedad Geográfica de Lima :
-- [Tarea Asociación Gráfica Educativa],
Fecha de publicación, distribución, etc. 2015.
300 ## - DESCRIPCIÓN FÍSICA
Nº de Páginas Extensión 199 páginas ;
Dimensiones 24.5 cm.
440 ## - MENCIÓN DE SERIE/PUNTO DE ACCESO ADICIONAL--TÍTULO
Título Geografía histórica
9 (RLIN) 20585
505 ## - NOTA DE CONTENIDO CON FORMATO
Nota de contenido formateada Contenido: Mitología y mar -- Mitos del mar en la región andina -- Los mitos europeos y el mar peruano ...
650 ## - PUNTO DE ACCESO ADICIONAL DE MATERIA--TÉRMINO DE MATERIA
Descriptor Mitología andina - Perú
9 (RLIN) 20586
650 ## - PUNTO DE ACCESO ADICIONAL DE MATERIA--TÉRMINO DE MATERIA
Descriptor Mar en la historia - Perú
9 (RLIN) 20587
650 ## - PUNTO DE ACCESO ADICIONAL DE MATERIA--TÉRMINO DE MATERIA
Descriptor Leyendas - Historia - Perú
9 (RLIN) 20588
650 ## - PUNTO DE ACCESO ADICIONAL DE MATERIA--TÉRMINO DE MATERIA
Descriptor Descubrimientos y exploraciones - Crónicas - Perú
9 (RLIN) 20589
650 ## - PUNTO DE ACCESO ADICIONAL DE MATERIA--TÉRMINO DE MATERIA
Descriptor Mar del pacífico - Costas del Perú - Mitos
9 (RLIN) 20590
710 ## - PUNTO DE ACCESO ADICIONAL--NOMBRE DE ENTIDAD CORPORATIVA
Nombre corporativo (En letras Mayúsculas) Sociedad Geográfica de Lima
9 (RLIN) 20591
942 ## - ELEMENTOS DE PUNTO DE ACCESO ADICIONAL (KOHA)
Fuente de clasificación
Tipo de item Libros-BMC
945 ## - PROCESAMIENTO DE INFORMACIÓN LOCAL (OCLC)
Catalogador lccs
Holdings
Estado de retiro (separado) Fuente de clasificación o esquema de estanterías Estado dañado Ubicación Sala donde se ubica Nombre de la colección Fecha de adquisición o compra Costo, precio normal en soles Signatura topográfica Código de Barras Última vez visto (Koha) Tipo de ítem (Koha)
No     Sala Humanidades Sala Humanidades Book Cart 2019-03-20 45.00 398.20985 / P34 SH0000008379 2019-03-20 Libros-BMC

Powered by Koha